Angustia y evasión en la narrativa de Rima de Vallbona /
Analiza algunos cuentos del libro Mujeres y agonías de Rima de Vallbona. Al respecto, comenta que todos los personajes de estos textos sufren distintas angustias y no pueden escapar de su destino.
Guardado en:
| Hovedforfatter: | |
|---|---|
| Format: | Ukendt |
| Sprog: | Spanish |
| Fag: | |
| Tags: |
Tilføj Tag
Ingen Tags, Vær først til at tagge denne postø!
|
MARC
| LEADER | 000000000a22000000004500 | ||
|---|---|---|---|
| 001 | 009274 | ||
| 041 | 0 | |a spa | |
| 100 | 1 | |a Daniel, Lee A. | |
| 245 | 1 | 0 | |a Angustia y evasión en la narrativa de Rima de Vallbona / |c Lee A. Daniel. |
| 310 | |a semestral | ||
| 520 | |a Analiza algunos cuentos del libro Mujeres y agonías de Rima de Vallbona. Al respecto, comenta que todos los personajes de estos textos sufren distintas angustias y no pueden escapar de su destino. | ||
| 650 | 4 | |a ROTHE DE VALLBONA, RIMA GRETEL, 1931- | |
| 650 | 4 | |a MUJERES Y AGONIAS | |
| 650 | 4 | |a CRITICAS | |
| 773 | 0 | |x 0377-628X |d San José, Costa Rica : Editorial de la Universidad de Costa Rica |t Revista de Filología y Lingüística de la Universidad de Costa Rica |g volumen I, número extraordinario (1995), páginas 25-29 | |
| 942 | |c ARC | ||
| 999 | |c 15151 |d 15151 | ||
